Les compos de Barca 1-4 PSG (20/21) - Statistiques

Statistiques générales
  • Ce quiz a été pris 3 733 fois
  • Le résultat moyen est 18 sur 22
Statistiques - réponses
Equipe Nationalité Joueur % Correct
PSG Costaricain Keylor Navas
96%
FC Barcelone Argentin Lionel Messi
96%
FC Barcelone Allemand Marc André Ter-Stegen
95%
PSG Français Kylian Mbappe
94%
PSG Italien Marco Verratti
92%
FC Barcelone Français Ousmane Dembélé
91%
FC Barcelone Néerlandais Frenkie de Jong
88%
PSG Brésilien Marquinhos
88%
FC Barcelone Espagnol Gérard Piqué
86%
PSG Senégalais Idrissa Gueye
85%
PSG Français Presnel Kimpembe
81%
FC Barcelone Américain Sergino Dest
81%
FC Barcelone Français Antoine Griezmann
80%
PSG Argentin Leandro Paredes
80%
FC Barcelone Espagnol Pedri
77%
FC Barcelone Espagnol Sergio Busquets
76%
FC Barcelone Français Clément Lenglet
71%
PSG Italien Alessandro Florenzi
67%
PSG Argentin Mauro Icardi
67%
PSG Italien Moise Kean
65%
FC Barcelone Espagnol Jordi Alba
64%
PSG Français Layvin Kurzawa
59%
Aucun quiz correspondant
Distribution des résultats
% des personnes avec chaque résultat
Percentile par nombre de réponses
Votre historique - résultats
Vous n’avez pas pris ce quiz